| 000 | 01012 a2200241 4500 | ||
|---|---|---|---|
| 001 | 56662 | ||
| 005 | 20260407155830.0 | ||
| 008 | 260407a2022 arg spa d | ||
| 003 | AR-UNSa-BCEJYS | ||
| 040 |
_aAR-UNSa-BCEJYS _bspa _cAR-UNSa-BCEJYS |
||
| 080 |
_a658.011.56 _xAutomatización |
||
| 245 | 1 | 0 | _aAnálisis de la difusión y gestión de los servicios profesionales, enfocado desde los sistemas de información |
| 020 | _a978-987-660-341-6 | ||
| 264 | 1 |
_aBuenos Aires : _bCPCECABA _c2022 |
|
| 300 |
_a69 p. _c21 cm. |
||
| 505 | _a1. Presente y corto plazo; 2. Comunicación, publicidad y virtualidad; 3. Competencias y conocimientos básicos; 4. Reflexiones sobre el contenido que generamos; 5. Software como aliado; 6. Observaciones y síntesis final | ||
| 041 | _aspa | ||
| 942 | _cBK | ||
| 590 | _aniveau_biblio:m niveau_hierar:0 | ||
| 100 | 1 | _aSeijas, Elena | |
| 700 | 1 | _aMaccaione, César | |
| 856 | 4 | 1 |
_uhttps://biblioeco.unsa.edu.ar/pmb/images/libros/L128582.jpg _yImagen de portada _qimage/jpeg |
| 999 |
_c6000 _d6000 |
||